Регионална библиотека "Любен Каравелов" - Русе

И. М. (Запис номер 147110)

MARC детайли
000 -Лидер
Контролно поле с фиксирана дължина 01280nam a2200349 c 4500
003 - Код на организацията, давaща контролен номер
Контролно поле BLK
005 - Дата и час на последна редакция
Контролно поле 20231228162641.0
008 - Елементи от данни с фиксирана дължина
fixed length control field 180410b bul|||||r ||||||| ||bul||
010 ## - Наследен системен номер
LC control number KNG00153318000
020 ## - Международен стандартен номер на книга ISBN
Международен стандартен номер на книга ISBN 9789548692465
040 ## - Източник на каталожния запис
Идентификатор на билиотеката - собственик на записа BLK
041 ## - Код за език
Код за езика на текст/звукозапис или на отделно заглавие Български
Код за езика КДБФ Български
072 #7 - Код за тематичната категория
Код организация bullib
Код за тематична категория Н83
Текст Чужда художествена литература Н
080 ## - УДК
Текстов определител УДК Холандска (нидерландска, фламандска) литература
УДК код - определител по УДК 821.112.5
УДК определител -31
УДК - код + определител 821.112.5-31
100 1# - Редна дума - Автор
Автор Палмен, Кони
Авторска отговорност първи автор
R(LIN) 105799
139 ## - Редно поле
Редна дума Палмен, Кони
Авторски знак Пал - П 15
245 10 - Сведения за заглавието
Заглавие И. М.
Редно поле (дума) Кони Палмен; прев. от нидерл. Мария Енчева.
257 ## - Страна на издаване
Страна на създаване/издаване Нидерландия (Холандия)
260 ## - Област на издателските данни
Име на издателя, разпространителя и проч. Аквариус
Година на издаване 2012
Печатница София : Симолини
Място на издаване, разпространение и проч. София
300 ## - Физическа характеристика
Страници 312 с.
Размери/Мащаб 20 см
380 ## - Жанр
Жанр Худож. лит.
500 ## - Общи забележки
Забележка Ориг. загл. I. M. / Connie Palmen.
659 ## - Тематичен бюлетин
Тематичен бюлетин Н
700 ## - Други автори (авторска отговорност)
Лично име Енчева, Мария Генчева
Автороска отговорност (Описва отношението между автора и произведението) прев. от нидерл.
9 (RLIN) 389437
852 ## - Местоположение
Форматна сигнатура Цб 266443
856 4# - Електронен адрес и достъп
Електронен формат pdf - файл
856 4# - Електронен адрес и достъп
Електронен формат pdf - файл
999 ## - СИСТЕМНИ КОНТРОЛНИ НОМЕРА
Koha biblionumber 147110
Koha biblioitemnumber 147110
942 ## - АРТИКУЛИ
Вид на библиотечния материал Книги
Скрит в OPAC Не
Периодичен библиозапис Да
Koha issues (borrowed), all copies 3
944 ## - СЪЗДАВАНЕ И РЕДАКЦИЯ на ЗАПИСА
Създаване/Редакция Създаване
Дата на регистрацията/редакция 14.11.2013
Служител, извършил регистрацията/редакцията 30560
Статус, дата на статуса Геновева Генчева
944 ## - СЪЗДАВАНЕ И РЕДАКЦИЯ на ЗАПИСА
Създаване/Редакция Редакция
Дата на регистрацията/редакция 01.12.2014
Служител, извършил регистрацията/редакцията Виолета_Тройчева
999 ## - СИСТЕМНИ КОНТРОЛНИ НОМЕРА
Koha biblioitemnumber 147110
Наличности
Код за отписване Код за изгубен артикул Код за повреда Коз за рестрикции Код за отдаване Артикулен № Име на библиотеката - собственик Име на библиотеката, в която се намира в момента Статус (Текущо местоположение) Дата на вписване в системата Местоположение - отдел Цена в лева Инвентарен номер Систематично азбучна сигнатура Баркод Номер на екземпляра Цена в евро Служебна бележка Служебен тип на артикула Източник на класификационната схема
  Не е изгубен Не е повреден без рестрикции ползва се в читалня 244729 Регионална библиотека "Любен Каравелов" Русе Регионална библиотека "Любен Каравелов" Русе Хранилище 2013-11-15 Хранилище 15.00 120000771629 Цб 266443 120000771629 1 7.67 Дост: Dp Вид: Д N: 43 Дата: 23.10.2012 Книги  
  Не е изгубен Не е повреден без рестрикции заемане за дома 799113 Регионална библиотека "Любен Каравелов" Русе Регионална библиотека "Любен Каравелов" Русе Заемна - подръчен фонд 2020-09-16 Заемна - подръчен фонд 10.50   821-31/П 15 К 120000846509   5.37   Книги Universal Decimal Classification
Vip Innovations Ltd, Rousse, Bulgaria 2025